| Registos Bibliográficos associados ao registo de autoridade |
|
Etiqueta de registo: 00000nam 2200025 450 001 2289388 003 http://id.bnportugal.gov.pt/bib/catbnp/2289388 100 ## $a20260702d2024 k y0pory01030103ba 101 0# $apor$deng 102 ## $aPT 105 ## $aa m 000yy 106 ## $ar 200 1# $aIdentificação e avaliação de externalidades em empreendimentos hidroelétricos - o
caso da Usina de Belo Monte$fRodrigo Augusto da Silva Pimentel$gorient. Paula Fernanda V. Ferreira, Lígia Maria Costa Pinto 210 #9 $a[S.l.$cs.n.],$d2024 215 ## $aXX, 293 p.$cil.$d30 cm 328 #1 $aTese dout. Engenharia Industrial e Sistemas, Escola de Engenharia, Universidade do
Minho, 2024 700 #1 $aPimentel,$bRodrigo Augusto da Silva$32002366 702 #1 $aFerreira,$bPaula Varandas$4727$31143695 702 #1 $aPinto,$bLígia$4727$31378679 801 #0 $aPT$bBN$gRPC 966 ## $lBN$mFGMON$x1 971 ## $corlando$d20260702
|
|
|